Los perros románticos: poemas 1980-1998

Saved in:
Bibliografiske detaljer
Hovedforfatter: Bolaño, Roberto (Author)
Format: Bog
Sprog:spansk
Udgivet: Barcelona Lumen 2000
Serier:Poesía, 115
Fag:
Tags: Tilføj Tag
Ingen Tags, Vær først til at tagge denne postø!

MARC

LEADER 00000nam a2200000 a 4500
001 UCM8588
003 CL-VaPUC
008 030321e20000000SP |||||||||||||||||spa|d
082 0 4 |a Ch861  |b BOL  |2 21 
100 0 |a Bolaño, Roberto  |e author  |9 474652 
245 1 4 |a Los perros románticos: poemas 1980-1998 
300 |a 94 p 
942 |c BK 
945 |d 20030321 00:00:00  |a vberengu 
260 |a Barcelona  |b Lumen  |c 2000 
650 0 |a Poesías chilenas   |9 265280 
650 0 |a Literatura chilena   |9 308278 
583 |a last modification  |c 20150106 07:03:10  |k Rodrigo Vera 
490 0 |a Poesía, 115 
999 |c 303050  |d 303048 
952 |0 0  |1 0  |4 0  |6 CH_861_000000000000000_BOL_2000  |7 0  |8 ?  |9 364001  |a BIBEDU  |b BIBEDU  |d 2019-11-21  |i 388595K  |o Ch861 BOL 2000  |p 388595K  |r 2019-11-21  |w 2019-11-21  |y BK  |k LIT